[Event "Flint (MI Senior/4/8)"]
[Site "?"]
[Date "1994.??.??"]
[Round "?"]
[White "Timberlake, B."]
[Black "Rosebrook, G."]
[Result "0-1"]
[WhiteElo "1605"]
[BlackElo "1605"]
[PlyCount "82"]
[EventDate "1994.??.??"]

{4/(8)} 1. c4 e6 2. d4 Nf6 3. Bd2 Nc6 4. e3 b6 5. a3 Bb7 6. Bc3 Ne7 7. f3 Nf5
8. Qd3 d5 9. Nd2 Be7 10. g3 O-O 11. Qe2 Re8 12. Bh3 Qd6 13. f4 Qd7 14. g4 Nd6
15. g5 Nfe4 16. Nxe4 dxc4 17. g6 Bxe4 18. gxf7+ Nxf7 19. Bg2 Bh4+ 20. Kd2 Bd3
21. Qg4 Qa4 22. Rc1 Bf6 23. Bxa8 Rxa8 24. Qxe6 Re8 25. Qd5 Be4 26. Qh5 Bxh1 27.
Nh3 Qc6 28. Rg1 g6 29. Qd1 Bf3 30. Qf1 Nd6 31. d5 Ne4+ 32. Kc1 Qxd5 33. Qxf3
Bxc3 34. Rg2 Bd2+ 35. Rxd2 Qxd2+ 36. Kb1 Qd3+ 37. Kc1 Qb1+ 38. Kxb1 Nd2+ 39.
Kc2 Nxf3 40. Ng5 Rxe3 41. Nxf3 Rxf3 0-1

[Event "Romulus (RVO/2/27)"]
[Site "?"]
[Date "1994.??.??"]
[Round "?"]
[White "Timberlake, B."]
[Black "McNeil, Yaking"]
[Result "0-1"]
[WhiteElo "1605"]
[BlackElo "1605"]
[PlyCount "58"]
[EventDate "1994.??.??"]

{2/(27)} 1. e4 c5 2. Bc4 Nc6 3. Bxf7+ Kxf7 4. Qh5+ g6 5. Qxc5 e6 6. Qc3 Bg7 7.
Qf3+ Qf6 8. c3 Qxf3 9. Nxf3 Ne5 10. Nxe5+ Bxe5 11. d4 Bc7 12. f4 b6 13. e5 Bb7
14. Rg1 Ne7 15. g4 Rag8 16. g5 h6 17. h4 hxg5 18. fxg5 Rxh4 19. Be3 Nf5 20. Bf2
Rh1 21. Rxh1 Bxh1 22. Nd2 Rh8 23. O-O-O Bb7 24. Nf3 Bxf3 25. d5 Bxd5 26. Rxd5
exd5 27. Kd2 Bxe5 28. Kc2 Rh2 29. Kb3 Bxc3 0-1

[Event "Flint (MI Ch Spon/3)"]
[Site "?"]
[Date "1994.??.??"]
[Round "?"]
[White "Timberlake, B."]
[Black "Leaman, P."]
[Result "0-1"]
[WhiteElo "1605"]
[BlackElo "1605"]
[PlyCount "34"]
[EventDate "1994.??.??"]

1. d4 d5 2. Nf3 Nc6 3. c3 Bg4 4. Bf4 e6 5. e3 Nf6 6. Nbd2 Ne4 7. Be2 Nxd2 8.
Qxd2 Bd6 9. h3 Bxf4 10. hxg4 Bd6 11. Bd3 g6 12. e4 dxe4 13. Bxe4 Qf6 14. O-O-O
Bf4 15. g3 Bxd2+ 16. Rxd2 O-O 17. g5 Qe7 0-1

[Event "Grand Rapids (MI Am/1/41)"]
[Site "?"]
[Date "1994.??.??"]
[Round "?"]
[White "Timberlake, B."]
[Black "Klein, N."]
[Result "0-1"]
[WhiteElo "1605"]
[BlackElo "1605"]
[PlyCount "42"]
[EventDate "1994.??.??"]

{1/(41)} 1. e4 e5 2. f4 Nc6 3. Bc4 Nf6 4. Nc3 exf4 5. Nf3 Ng4 6. Ng5 Qxg5 7. h4
Qc5 8. Bxf7+ Kxf7 9. Qxg4 Bd6 10. Nd5 Nd4 11. c3 Nc2+ 12. Kf1 Nxa1 13. d4 Qc4+
14. Kf2 Qxa2 15. Qf5+ Ke8 16. e5 Rf8 17. Qxh7 Qxd5 18. exd6 f3 19. Qxg7 fxg2+
20. Kg3 Qf3+ 21. Kh2 gxh1=Q# 0-1

[Event "Eastpointe (EDO/1b/15)"]
[Site "?"]
[Date "1994.??.??"]
[Round "?"]
[White "Timberlake, B."]
[Black "Grams, Paul"]
[Result "0-1"]
[WhiteElo "1605"]
[BlackElo "1800"]
[PlyCount "43"]
[EventDate "1994.??.??"]

1. e4 c5 2. Nf3 Nc6 3. Bc4 Nf6 4. Nc3 a6 5. d3 e6 6. d4 cxd4 7. Nxd4 Be7 8. Nf3
b5 9. Bd3 Qc7 10. Qe2 O-O 11. Bg5 Bb7 12. Bxf6 Bxf6 13. g3 b4 14. Na4 Qa5 15.
b3 Bxa1 16. O-O Bf6 17. Nd2 Nd4 18. Qg4 d5 19. e5 Bxe5 20. f4 f5 21. Qh5 g6 22.
Qh6 {[Remainder illegible; 0-1, 38?]} 0-1

[Event "Grand Rapids (MI Am/2/41)"]
[Site "?"]
[Date "1994.??.??"]
[Round "?"]
[White "Timberlake, B."]
[Black "Eggenberger, Jeffrey"]
[Result "0-1"]
[WhiteElo "1605"]
[BlackElo "1605"]
[PlyCount "78"]
[EventDate "1994.??.??"]

{2/(41)} 1. e4 e5 2. Nc3 Nf6 3. Bc4 b6 4. d3 Bb7 5. f4 exf4 6. Nf3 Bb4 7. Ne5
d5 8. Bb3 O-O 9. Qd2 d4 10. Qxf4 dxc3 11. O-O Qd4+ 12. Be3 Qd6 13. Bd4 Qxd4+
14. Kh1 cxb2 15. Rab1 Bc3 16. Qg3 Qxe5 17. Qxe5 Bxe5 18. Rf3 c5 19. Rbf1 Na6
20. Rf5 Bd4 21. R1f4 b1=Q+ 22. Rf1 Qxf1+ 23. Rxf1 Nb4 24. a3 Nc6 25. Bc4 Ne5
26. Bb3 Nfg4 27. h3 Ne3 28. Rf4 b5 29. Kh2 c4 30. dxc4 bxc4 31. Ba4 Bc6 32.
Bxc6 Nxc6 33. Kg3 Nxc2 34. Rf3 Bb2 35. a4 N2d4 36. Rf2 c3 37. Rf1 c2 38. Kf2
c1=Q 39. Rxc1 Bxc1 0-1

[Event "Flint (MI Senior/1/10)"]
[Site "?"]
[Date "1994.??.??"]
[Round "?"]
[White "Timberlake, B."]
[Black "Brady, Lindell"]
[Result "0-1"]
[WhiteElo "1605"]
[BlackElo "1985"]
[PlyCount "106"]
[EventDate "1994.??.??"]

{1/(10)} 1. c4 Nf6 2. d4 e6 3. Nc3 Bb4 4. Bd2 O-O 5. Qc2 c5 6. Ne4 Bxd2+ 7.
Nxd2 cxd4 8. Qd3 Nc6 9. Ngf3 e5 10. Ne4 Re8 11. a3 Qa5+ 12. Nfd2 Nxe4 13. Qxe4
d6 14. e3 f5 15. Qd5+ Qxd5 16. cxd5 dxe3 17. fxe3 Ne7 18. Bb5 Rf8 19. O-O Nxd5
20. Bc4 Be6 21. Rae1 Nc7 22. g3 d5 23. Bb3 g6 24. Rc1 Rac8 25. Nf3 e4 26. Ng5
Bd7 27. Rfd1 h6 28. Nh3 g5 29. Rd4 Bc6 30. Nf2 Kg7 31. Bd1 Ne8 32. Bh5 Nf6 33.
Be2 h5 34. h3 Bd7 35. Rc3 Rxc3 36. bxc3 Rc8 37. c4 dxc4 38. Bxc4 b5 39. Bb3 Rc3
40. Bd1 Rxa3 41. Bxh5 Rxe3 42. Kg2 b4 43. Bd1 b3 44. g4 fxg4 45. Rb4 gxh3+ 46.
Kh1 Re1+ 47. Kh2 e3 48. Nd3 Rxd1 49. Rxb3 e2 50. Kg3 Rxd3+ 51. Rxd3 e1=Q+ 52.
Kh2 Qe2+ 53. Kg1 Qg2# 0-1

[Event "Flint (MI Ch Spon/2)"]
[Site "?"]
[Date "1994.??.??"]
[Round "?"]
[White "Timberlake, B."]
[Black "Belill, Mike"]
[Result "0-1"]
[WhiteElo "1605"]
[BlackElo "1605"]
[PlyCount "98"]
[EventDate "1994.??.??"]

1. d4 Nf6 2. Nf3 g6 3. c3 Bg7 4. Bf4 d6 5. e3 O-O 6. Bd3 Bg4 7. Nbd2 c5 8. h3
Bd7 9. O-O Bc6 10. e4 Nh5 11. Bh2 Qc7 12. Bc4 cxd4 13. cxd4 Nd7 14. Qc2 b5 15.
Bxb5 Rfc8 16. Bc4 Qb6 17. Nb3 Bb5 18. Nfd2 Qa6 19. Rfe1 Bxc4 20. Nxc4 Rxc4 21.
Qd3 Qa4 22. Rec1 Rac8 23. f3 Rxc1+ 24. Nxc1 Qxd4+ 25. Kf1 Qxd3+ 26. Nxd3 Rc2
27. Rc1 Rxc1+ 28. Nxc1 Bxb2 29. Nd3 Bd4 30. Ke2 a5 31. g4 Ng7 32. Bf4 e5 33.
Bd2 Ne6 34. Bh6 Ndc5 35. Bd2 Nxd3 36. Kxd3 a4 37. Bb4 Bc5 38. Bc3 Nf4+ 39. Kc4
Nxh3 40. Bd2 h5 41. gxh5 gxh5 42. Be1 Nf2 43. Bd2 h4 44. Be1 h3 45. Bxf2 Bxf2
46. Kd5 Bc5 47. Kc6 h2 48. Kd5 h1=Q 49. Kc6 Qxf3 0-1

[Event "Eastpointe (US Am N/4/23)"]
[Site "?"]
[Date "1994.??.??"]
[Round "?"]
[White "Thurman, John"]
[Black "Zuniga, Jesus"]
[Result "1/2-1/2"]
[WhiteElo "1740"]
[BlackElo "1605"]
[PlyCount "68"]
[EventDate "1994.??.??"]

{4/(23)} 1. d4 Nf6 2. c4 g6 3. Nc3 Bg7 4. e4 d6 5. f3 O-O 6. Be3 b6 7. Bd3 c5
8. d5 e6 9. Qd2 Re8 10. Nge2 exd5 11. cxd5 Nbd7 12. Kf2 Ne5 13. Nf4 Nxd3+ 14.
Nxd3 Nd7 15. Nb5 Ne5 16. Nxe5 Rxe5 17. Bf4 Ba6 18. Bxe5 Bxe5 19. Nc3 Bd4+ 20.
Ke1 Qh4+ 21. g3 Qf6 22. Qd1 Bxc3+ 23. bxc3 Qxc3+ 24. Kf2 Qb2+ 25. Kg1 Qc3 26.
Kg2 Qb2+ 27. Kh3 Bc8+ 28. g4 h5 29. Qd3 hxg4+ 30. fxg4 Qh8+ 31. Kg3 Qe5+ 32.
Kf3 Qf6+ 33. Kg3 Qe5+ 34. Kf3 Qf6+ 1/2-1/2

[Event "Detroit (MI Op/5/31)"]
[Site "?"]
[Date "1994.??.??"]
[Round "?"]
[White "Thurman, John"]
[Black "Wisckol, Richard"]
[Result "1/2-1/2"]
[WhiteElo "1755"]
[BlackElo "1895"]
[PlyCount "92"]
[EventDate "1994.??.??"]

{5/(31)} 1. e4 c5 2. Nf3 Nc6 3. d4 cxd4 4. Nxd4 g6 5. Nc3 Bg7 6. Be3 Nf6 7. Bc4
O-O 8. Qd2 Nxe4 9. Nxe4 d5 10. Bxd5 Qxd5 11. Nc3 Qxg2 12. O-O-O Nxd4 13. Bxd4
Bxd4 14. Qxd4 Bf5 15. Rhg1 Qc6 16. h4 h5 17. Qf4 Kh7 18. Rd5 e6 19. Rd6 Qc7 20.
Rgd1 Rfd8 21. Qd4 Rxd6 22. Qxd6 Qxd6 23. Rxd6 b6 24. Rd7 Kg7 25. Nb5 g5 26.
hxg5 h4 27. Nd4 Bg4 28. f3 h3 29. fxg4 h2 30. Nxe6+ Kg6 31. Nf4+ Kxg5 32. Nh3+
Kxg4 33. Nf2+ Kf3 34. Rxf7+ Ke2 35. b3 Rg8 36. Rh7 Rg2 37. Nh1 Rg1+ 38. Kb2
Rxh1 39. a4 Ke3 40. Kc3 Ke4 41. Kc4 a6 42. Rh4+ Ke5 43. Rh6 Ke4 44. Rh4+ Ke3
45. Kc3 Ke2 46. Rh3 Kf2 1/2-1/2

[Event "Eastpointe (EDO/1b/1)"]
[Site "?"]
[Date "1994.??.??"]
[Round "?"]
[White "Thurman, John"]
[Black "Tsemekhman, Vadim"]
[Result "0-1"]
[WhiteElo "1785"]
[BlackElo "2460"]
[PlyCount "74"]
[EventDate "1994.??.??"]

1. e4 e6 2. d4 d5 3. Nc3 Bb4 4. e5 c5 5. a3 Bxc3+ 6. bxc3 Qc7 7. Bd3 Ne7 8. Nf3
b6 9. O-O Ba6 10. Bf4 Bxd3 11. Qxd3 Nd7 12. h3 h6 13. g4 Rc8 14. Rac1 Qc6 15.
Kh1 Qa4 16. Ra1 cxd4 17. Nxd4 Ng6 18. Bg3 Ndxe5 19. Qb5+ Qxb5 20. Nxb5 Ke7 21.
f4 a6 22. Nd4 h5 23. g5 Rxc3 24. Kg2 Nc6 25. Be1 Rc4 26. Nxc6+ Rxc6 27. Bb4+
Kd7 28. f5 Nh4+ 29. Kg3 Nxf5+ 30. Rxf5 exf5 31. Rd1 a5 32. Be1 Ke6 33. c3 h4+
34. Kf3 Rhc8 35. Rd3 Rc4 36. Bd2 f6 37. g6 b5 0-1

[Event "Detroit (MI Op/6/32)"]
[Site "?"]
[Date "1994.??.??"]
[Round "?"]
[White "Thurman, John"]
[Black "Skidmore, Jennifer"]
[Result "0-1"]
[WhiteElo "1755"]
[BlackElo "1920"]
[PlyCount "56"]
[EventDate "1994.??.??"]

{6/(32)} 1. e4 e5 2. Nf3 d6 3. d4 Nf6 4. Nc3 exd4 5. Nxd4 Be7 6. Bc4 c6 7. O-O
O-O 8. Qe2 a6 9. a4 Re8 10. Bg5 h6 11. Bxf6 Bxf6 12. Qd3 Nd7 13. Rfd1 Nc5 14.
Qf3 Re5 15. Rd2 Rg5 16. h3 Bd7 17. b4 Nxa4 18. Nxa4 b5 19. Bb3 bxa4 20. Bxa4 a5
21. Rad1 axb4 22. Bxc6 Ra3 23. Bxd7 Rxf3 24. Nxf3 Qxd7 25. Rxd6 Qa4 26. Nxg5
Bxg5 27. R6d4 Qxc2 28. Ra1 b3 0-1

[Event "Flint (MI Senior/2/1)"]
[Site "?"]
[Date "1994.??.??"]
[Round "?"]
[White "Thurman, John"]
[Black "Poschel, Paul"]
[Result "0-1"]
[WhiteElo "1785"]
[BlackElo "2285"]
[PlyCount "100"]
[EventDate "1994.??.??"]

{2/(1)} 1. e4 c5 2. Nf3 e6 3. d4 cxd4 4. Nxd4 Nf6 5. Nc3 Nc6 6. Be3 Bb4 7. f3
d5 8. Nxc6 bxc6 9. exd5 Nxd5 10. Bd4 O-O 11. a3 Nxc3 12. bxc3 Ba5 13. Kf2 Qc7
14. Qe1 Rd8 15. Qe4 Bb6 16. Bd3 g6 17. Rhe1 Bb7 18. Qh4 Bxd4+ 19. cxd4 c5 20.
dxc5 Qxc5+ 21. Kg3 Rd5 22. Qf6 Rg5+ 23. Kh3 Rh5+ 24. Kg3 Qd6+ 25. Kf2 Ba6 26.
Bxa6 Qxa6 27. Kg1 Qb6+ 28. Kh1 Rc8 29. Rad1 Qc7 30. h3 Rf5 31. Qb2 Rc5 32. Rd2
Rxc2 33. Rxc2 Qxc2 34. Qf6 Qc3 35. Qxc3 Rxc3 36. Ra1 Kf8 37. Ra2 Ke7 38. Kg1 a5
39. Kf2 a4 40. Kg3 e5 41. Kg4 h6 42. Rb2 Rxa3 43. Rb7+ Ke6 44. Rb6+ Kd5 45. Rf6
Rb3 46. Rxf7 Rb4+ 47. Kg3 Kc4 48. Rf6 a3 49. Rxg6 a2 50. Ra6 Kb3 0-1

[Event "Flint (MI Senior/1/5)"]
[Site "?"]
[Date "1994.??.??"]
[Round "?"]
[White "Thurman, John"]
[Black "Gregg, Ted"]
[Result "1-0"]
[WhiteElo "1785"]
[BlackElo "1605"]
[PlyCount "41"]
[EventDate "1994.??.??"]

{1/(5)} 1. e4 e5 2. Nf3 Nc6 3. Nc3 Bc5 4. Bb5 Nge7 5. O-O d6 6. d4 exd4 7. Nxd4
O-O 8. Be3 Nxd4 9. Bxd4 Bxd4 10. Qxd4 c6 11. Bc4 Be6 12. Rad1 Bxc4 13. Qxc4 Qc7
14. Rd2 Rad8 15. Rfd1 Rfe8 16. Nb5 Qb8 17. Nxd6 Rf8 18. a4 Ng6 19. Nxf7 Rxd2
20. Nh6+ Kh8 21. Qg8+ 1-0

[Event "Eastpointe (US Am N/2/3)"]
[Site "?"]
[Date "1994.??.??"]
[Round "?"]
[White "Thurman, John"]
[Black "Dorsey, P."]
[Result "0-1"]
[WhiteElo "1740"]
[BlackElo "2165"]
[PlyCount "48"]
[EventDate "1994.??.??"]

{2/(3)} 1. d4 Nf6 2. c4 e6 3. Nc3 d5 4. Bg5 Be7 5. e3 h6 6. Bxf6 Bxf6 7. cxd5
exd5 8. Qb3 c6 9. Bd3 O-O 10. Nge2 Re8 11. O-O Nd7 12. Rac1 Be7 13. Na4 Bd6 14.
Bf5 Qh4 15. g3 Qh5 16. Qc2 g6 17. Bd3 Nf6 18. Nf4 Bxf4 19. exf4 Bh3 20. Rfe1
Qf3 21. Bf1 Bxf1 22. Rxf1 Re2 23. Qd1 Ne4 24. Nc3 Nxf2 0-1

[Event "Detroit (MI Op/3/28)"]
[Site "?"]
[Date "1994.??.??"]
[Round "?"]
[White "Thurman, John"]
[Black "Brattin, Vincent"]
[Result "1/2-1/2"]
[WhiteElo "1755"]
[BlackElo "1965"]
[PlyCount "120"]
[EventDate "1994.??.??"]

{3/(28)} 1. e4 c6 2. Nf3 d5 3. exd5 cxd5 4. d4 Nf6 5. Bd3 Bg4 6. h3 Bh5 7. c3
Nbd7 8. Bf4 Qb6 9. Qe2 Bxf3 10. gxf3 e6 11. O-O Nh5 12. Bh2 Bd6 13. Bb5 O-O-O
14. Bxd7+ Rxd7 15. Bxd6 Qxd6 16. Qe5 Qxe5 17. dxe5 Nf4 18. Rd1 Nxh3+ 19. Kg2
Nf4+ 20. Kg3 g5 21. Na3 h5 22. Nb5 Kb8 23. Nd4 f5 24. exf6 Rf7 25. Re1 Rxf6 26.
Re3 Rhh6 27. a4 h4+ 28. Kg4 Rfg6 29. b4 h3 30. Kg3 Rh4 31. Kh2 Rgh6 32. Rg1
R4h5 33. Rg4 Ng2 34. Rxe6 Rxe6 35. Nxe6 Ne1 36. Nd4 Nd3 37. Ne6 Nxf2 38. Rxg5
Rxg5 39. Nxg5 Nd1 40. Nxh3 Nxc3 41. Nf4 Kc7 42. Kg3 Kd6 43. a5 d4 44. Nd3 Kd5
45. f4 Kc4 46. Nc5 b6 47. axb6 axb6 48. Nd7 Kxb4 49. f5 b5 50. f6 Ne4+ 51. Kf3
Nd6 52. Ke2 Kc3 53. Nc5 Kc2 54. Nd3 Nf7 55. Nb4+ Kb3 56. Nd3 b4 57. Kd2 Ka4 58.
Kc2 Nd6 59. Nc5+ Kb5 60. Nd3 Kc4 1/2-1/2

[Event "Eastpointe (EDO/4/15)"]
[Site "?"]
[Date "1994.??.??"]
[Round "?"]
[White "Thurman, John"]
[Black "Bailey, Jason"]
[Result "1-0"]
[WhiteElo "1785"]
[BlackElo "1715"]
[PlyCount "67"]
[EventDate "1994.??.??"]

{4/(15)} 1. e4 c5 2. Nf3 d6 3. d4 cxd4 4. Nxd4 Nf6 5. Nc3 a6 6. f4 e5 7. Nf3
Bg4 8. Be2 Nc6 9. Be3 Be7 10. Qd2 Qa5 11. O-O O-O 12. h3 exf4 13. Bxf4 Be6 14.
Rfd1 Rfd8 15. Nd5 Qxd2 16. Nxe7+ Nxe7 17. Nxd2 Rac8 18. c4 Ng6 19. Be3 Ne5 20.
b3 Ned7 21. b4 Ne5 22. Rac1 b5 23. Bb6 Rd7 24. cxb5 Rb7 25. Rxc8+ Bxc8 26. Bd4
axb5 27. Bxe5 dxe5 28. Nf3 Nd7 29. Nxe5 f6 30. Nc6 Kf7 31. Nd8+ Ke7 32. Nxb7
Bxb7 33. Bxb5 Ne5 34. Rd4 1-0

[Event "Gaylord (NMO/1/17)"]
[Site "?"]
[Date "1994.??.??"]
[Round "?"]
[White "Thompson, P."]
[Black "Webb, R."]
[Result "0-1"]
[WhiteElo "1605"]
[BlackElo "1605"]
[PlyCount "128"]
[EventDate "1994.??.??"]

{1/(17)} 1. e4 e5 2. Bc4 Nf6 3. d3 Bc5 4. Nc3 d6 5. Bg5 Nc6 6. Qd2 h6 7. Bh4 g5
8. Bg3 Ng4 9. h3 Nf6 10. Nge2 Be6 11. Bb3 Nh5 12. O-O Qd7 13. Bxe6 Qxe6 14. Na4
O-O-O 15. Nxc5 dxc5 16. a4 Rhf8 17. Qc3 f5 18. Qxc5 f4 19. Bh2 f3 20. Ng3 fxg2
21. Rfe1 Nf4 22. Nf5 Nxh3+ 23. Kxg2 Nf4+ 24. Bxf4 gxf4 25. f3 Qg6+ 26. Kf2 Rg8
27. Rg1 Qh5 28. Rxg8 Rxg8 29. Rg1 Qh2+ 30. Kf1 Qh3+ 31. Ke2 Qh2+ 32. Qf2 Qxg1
33. Qxg1 Rxg1 34. Nxh6 Nd4+ 35. Kf2 Rg3 36. Nf7 Nxf3 37. c3 Nh4 38. Nxe5 Rg2+
39. Kf1 Kd8 40. Nf3 Rg4 41. Nh2 Rg3 42. d4 Nf3 43. Nxf3 Rxf3+ 44. Kg2 Re3 45.
e5 f3+ 46. Kf2 Re2+ 47. Kxf3 Rxb2 48. Ke3 Ra2 49. e6 Rxa4 50. d5 a5 51. Kd3 Ra1
52. Kc4 a4 53. Kb4 b5 54. Kxb5 a3 55. Kb4 Ke7 56. Kb3 Rc1 57. Kxa3 Rxc3+ 58.
Kb4 Rc1 59. Kb5 Re1 60. Kc5 Rc1+ 61. Kb5 Kd6 62. Kb4 Re1 63. Kc4 Re5 64. e7
Rxe7 0-1

[Event "Detroit (MCO/C/1a/9)"]
[Site "?"]
[Date "1994.??.??"]
[Round "?"]
[White "Thompson, P."]
[Black "Sunts, A."]
[Result "0-1"]
[WhiteElo "1605"]
[BlackElo "1605"]
[PlyCount "110"]
[EventDate "1994.??.??"]

1. e4 e5 2. Bc4 g6 3. Nc3 Bg7 4. d3 c6 5. Be3 b5 6. Bb3 a5 7. a4 b4 8. Na2 Nf6
9. Bg5 O-O 10. Qd2 d5 11. Bxf6 Bxf6 12. exd5 cxd5 13. Ne2 Bb7 14. O-O d4 15. f4
Nd7 16. fxe5 Nxe5 17. Qf4 Bg7 18. Nxd4 Ra6 19. Qe3 Ng4 20. Qf4 Qxd4+ 21. Kh1
Qxf4 22. Rxf4 Ne3 23. Rf2 Nf5 24. Bc4 Rd6 25. Re1 Bxb2 26. Ree2 Bd4 27. Rf4 Kg7
28. Nc1 h5 29. Nb3 Bb6 30. Re5 h4 31. Nxa5 Bxa5 32. Rxa5 h3 33. Rb5 Bxg2+ 34.
Kg1 Re8 35. d4 Rxd4 36. Rxd4 Nxd4 37. Rb6 Nxc2 38. a5 Rc8 39. Bb3 Nd4 40. Rxb4
Nxb3 41. Rxb3 Ra8 42. Ra3 Ra6 43. Kf2 g5 44. Kg3 Kg6 45. Kf2 Rf6+ 46. Kg3 Ra6
47. Kf2 f5 48. Kg3 Kh5 49. Ra4 f4+ 50. Kf2 Kg4 51. Ra3 Rc6 52. a6 Rc2+ 53. Ke1
Ba8 54. Kf1 Rxh2 55. Kg1 Rg2+ 0-1

[Event "Gaylord (NMO/3/12)"]
[Site "?"]
[Date "1994.??.??"]
[Round "?"]
[White "Thompson, P."]
[Black "Priebe, Raymond"]
[Result "0-1"]
[WhiteElo "1605"]
[BlackElo "1605"]
[PlyCount "92"]
[EventDate "1994.??.??"]

{3/(12)} 1. e4 d5 2. exd5 Nf6 3. Nc3 c6 4. Be2 cxd5 5. d4 Nc6 6. Be3 e5 7. dxe5
d4 8. exf6 Qxf6 9. Ne4 Qe7 10. Bb5 Qxe4 11. Bxc6+ bxc6 12. Qf3 Qxf3 13. Nxf3
dxe3 14. fxe3 Bb4+ 15. c3 Bc5 16. Ke2 O-O 17. b4 Bb6 18. c4 Ba6 19. Rac1 Rfe8
20. Rc3 Re4 21. Nd2 Re6 22. a4 Rae8 23. e4 f5 24. Rc2 fxe4 25. b5 cxb5 26. cxb5
Bb7 27. Rhc1 e3 28. Nc4 Be4 29. Rc3 Bd4 30. Ra3 Bxg2 31. Rd3 Bc5 32. Na5 Rf8
33. Rd8 Bf3+ 34. Kf1 e2+ 35. Ke1 Bb4+ 36. Kf2 Bxa5 37. Rxf8+ Kxf8 38. b6 axb6
39. Rc8+ Kf7 40. Rc7+ Kf6 41. Rf7+ Kxf7 42. Kg3 Re3 43. Kh3 e1=R 44. Kg3 Bd1+
45. Kh4 Rg1 46. h3 Be1# 0-1

[Event "Gaylord (NMO/5/11)"]
[Site "?"]
[Date "1994.??.??"]
[Round "?"]
[White "Thompson, P."]
[Black "O'Dell, Ray"]
[Result "1-0"]
[WhiteElo "1605"]
[BlackElo "1605"]
[PlyCount "143"]
[EventDate "1994.??.??"]

{5/(11)} 1. e4 e5 2. Bc4 Nf6 3. Nc3 d6 4. d3 Be7 5. Be3 a6 6. a4 Nc6 7. Qd2 Ng4
8. Nge2 Nxe3 9. Qxe3 Nb4 10. Qd2 Bg5 11. Qd1 Be6 12. Bxe6 fxe6 13. O-O O-O 14.
Na2 c5 15. c3 Nc6 16. Qb3 Qd7 17. Rad1 Na5 18. Qc2 Rac8 19. c4 Nc6 20. Nac3 Nb4
21. Qb3 Nc6 22. Ra1 Nd4 23. Nxd4 exd4 24. Ne2 e5 25. Qa3 Be7 26. b4 cxb4 27.
Qxb4 d5 28. Qb3 a5 29. cxd5 Kh8 30. Rfb1 Bb4 31. Rc1 Qf7 32. f3 Rxc1+ 33. Rxc1
b6 34. Qc4 Bc5 35. Qb5 Qg6 36. Ng3 h6 37. Kf2 Qg5 38. Rc2 Qe3+ 39. Kf1 Rxf3+
40. gxf3 Qxf3+ 41. Rf2 Qg4 42. Kg2 Bb4 43. Qe8+ Kh7 44. Qh5 Qd7 45. Qf5+ Qxf5
46. Nxf5 g6 47. Ng3 b5 48. axb5 a4 49. b6 Kg7 50. b7 Bd6 51. Ra2 a3 52. Rxa3
Bb8 53. Ra8 Bc7 54. b8=Q Bxb8 55. Rxb8 h5 56. Rb7+ Kf6 57. d6 Ke6 58. d7 Ke7
59. Rb5 Kxd7 60. Rxe5 Kd6 61. Rd5+ Ke6 62. Rxd4 Ke5 63. Kf3 Kxd4 64. Ke2 h4 65.
Nf1 g5 66. h3 Ke5 67. Ke3 Kf6 68. Nh2 Ke5 69. Ng4+ Ke6 70. Kd4 Kf7 71. Ke5 Kg6
72. d4 1-0

[Event "Detroit (MCO/C/6/13)"]
[Site "?"]
[Date "1994.??.??"]
[Round "?"]
[White "Thompson, P."]
[Black "Kim, E."]
[Result "1-0"]
[WhiteElo "1605"]
[BlackElo "1605"]
[PlyCount "43"]
[EventDate "1994.??.??"]

{6/(13)} 1. e4 e5 2. Bc4 Nf6 3. d3 Be7 4. Nc3 O-O 5. Be3 d6 6. Nge2 Ng4 7. O-O
Nxe3 8. fxe3 Bh4 9. Qd2 Qg5 10. Kh1 Qd8 11. a4 Kh8 12. Bxf7 Rxf7 13. Rxf7 Bf6
14. Nd5 Be6 15. Rxf6 gxf6 16. Nec3 Qg8 17. Qf2 Qg7 18. Qxf6 Qxf6 19. Nxf6 c6
20. Rf1 Kg7 21. Ne8+ Kg6 22. Rf6+ 1-0

[Event "Detroit (MCO/C/4/15)"]
[Site "?"]
[Date "1994.??.??"]
[Round "?"]
[White "Thompson, P."]
[Black "Black, T."]
[Result "1-0"]
[WhiteElo "1605"]
[BlackElo "1605"]
[PlyCount "125"]
[EventDate "1994.??.??"]

{4/(15)} 1. e4 e5 2. Bc4 Nc6 3. Nc3 Bb4 4. a3 Bxc3 5. dxc3 Nge7 6. Nf3 d6 7.
O-O Bg4 8. Qd3 O-O 9. b4 a6 10. h3 Be6 11. Bg5 Bxc4 12. Qxc4 b5 13. Qd3 Qd7 14.
Bxe7 Nxe7 15. c4 Rad8 16. cxb5 Qxb5 17. Rad1 Qxd3 18. Rxd3 f5 19. Ng5 Rf6 20.
exf5 Nxf5 21. Ne4 Rff8 22. Rfd1 Nd4 23. R1d2 h6 24. Ng3 g6 25. Ne2 Ne6 26. Nc3
Nf4 27. Re3 Kf7 28. Nd5 Nxd5 29. Rxd5 Ke6 30. Rd2 d5 31. c3 Rf4 32. g3 Rc4 33.
Kg2 d4 34. cxd4 Rcxd4 35. Rxd4 Rxd4 36. f4 e4 37. Kf2 Kf5 38. Rc3 Rd2+ 39. Ke3
Rg2 40. g4+ Kf6 41. Rc6+ Kf7 42. Rxc7+ Kg8 43. Kxe4 Rg3 44. a4 Rxh3 45. Rc6 Kf7
46. Rxa6 h5 47. gxh5 gxh5 48. b5 Rb3 49. b6 h4 50. Ra7+ Ke6 51. b7 Kd6 52. Ra6+
Kc7 53. Rh6 Rb4+ 54. Kf3 Rxa4 55. Rh7+ Kb8 56. f5 h3 57. f6 Ra1 58. f7 Rf1+ 59.
Kg3 Ka7 60. b8=Q+ Kxb8 61. Rh8+ Kc7 62. f8=Q Rxf8 63. Rxf8 1-0

[Event "Detroit (MCO/C/3a/9)"]
[Site "?"]
[Date "1994.??.??"]
[Round "?"]
[White "Thompson, P."]
[Black "Beck, B."]
[Result "0-1"]
[WhiteElo "1605"]
[BlackElo "1605"]
[PlyCount "89"]
[EventDate "1994.??.??"]

1. e4 c6 2. Bc4 d5 3. Bb3 dxe4 4. Nc3 Bf5 5. Qe2 Nf6 6. f3 exf3 7. Nxf3 e6 8.
O-O Bc5+ 9. Kh1 O-O 10. Nh4 Ng4 11. Nxf5 exf5 12. d3 Re8 13. Qf3 Qh4 14. h3
Nf2+ 15. Kh2 Bd6+ 16. Kg1 Bc5 17. Kh2 Ng4+ 18. Kh1 Re1 19. Bd2 Rxa1 20. Rxa1
Nf2+ 21. Kh2 Bd6+ 22. Kg1 Bc5 23. Kh2 Qf6 24. Be3 Bxe3 25. Qxe3 Qd6+ 26. Kg1
Nxh3+ 27. gxh3 Qg6+ 28. Kh2 Qd6+ 29. Kh1 Nd7 30. Rf1 Nf6 31. Qf4 Qxf4 32. Rxf4
g6 33. Ne2 Re8 34. Rf2 Nh5 35. a4 Re3 36. Kg2 Kg7 37. Bc4 Kf6 38. b3 Ng7 39.
Rf3 Rxe2+ 40. Kg3 Nh5+ 41. Kh4 Rxc2 42. d4 Rd2 43. Bd3 Kg7 44. Kg5 f6+ 45. Kh4
0-1

[Event "Romulus (RVO/1/2)"]
[Site "?"]
[Date "1994.??.??"]
[Round "?"]
[White "Thompson, Dexter"]
[Black "West, Tony"]
[Result "1-0"]
[WhiteElo "2215"]
[BlackElo "1605"]
[PlyCount "69"]
[EventDate "1994.??.??"]

{1/(2)} 1. e4 c5 2. Nf3 Nc6 3. d4 cxd4 4. c3 dxc3 5. Nxc3 e6 6. Bc4 Bb4 7. O-O
Nf6 8. e5 Ng4 9. Bf4 f6 10. exf6 Nxf6 11. Bd6 Bxc3 12. bxc3 Ne4 13. Ba3 d5 14.
Bd3 Nxc3 15. Qc2 d4 16. Bxh7 Qf6 17. Rae1 Nxa2 18. Bg6+ Kd8 19. Be4 Nab4 20.
Qc5 Qe7 21. Qxe7+ Kxe7 22. Bxc6 bxc6 23. Bxb4+ Kd8 24. Nxd4 Bd7 25. Nxe6+ Bxe6
26. Rxe6 a5 27. Bc5 Ra6 28. Rd1+ Kc7 29. Re7+ Kc8 30. Rxg7 a4 31. Rb1 a3 32.
Bd6 Ra8 33. Rc7+ Kd8 34. Be5 Re8 35. Rd1# 1-0

[Event "Romulus (RVO/3/3)"]
[Site "?"]
[Date "1994.??.??"]
[Round "?"]
[White "Thompson, Dexter"]
[Black "Vandivier, Don"]
[Result "1/2-1/2"]
[WhiteElo "2215"]
[BlackElo "1985"]
[PlyCount "172"]
[EventDate "1994.??.??"]

{3/(3)} 1. e4 c5 2. d4 cxd4 3. c3 dxc3 4. Nxc3 Nc6 5. Nf3 g6 6. Bc4 Bg7 7. O-O
Nf6 8. e5 Ng8 9. Qb3 e6 10. Nb5 Bxe5 11. Nxe5 Nxe5 12. Qc3 f6 13. Bxe6 dxe6 14.
Nc7+ Kf7 15. Nxa8 Bd7 16. Nc7 Bc6 17. Qa5 Ne7 18. Bf4 Qd4 19. Bxe5 Qxe5 20.
Qxe5 fxe5 21. a4 a6 22. b4 Rc8 23. b5 Rxc7 24. bxc6 Nxc6 25. Rac1 Rd7 26. Rfd1
Rd5 27. Kf1 Ke7 28. Ke1 Kd6 29. Rc3 Nd4 30. Rb1 b5 31. axb5 axb5 32. Rb2 Ke7
33. Rc7+ Rd7 34. Rxd7+ Kxd7 35. Kd2 Ke7 36. Kd3 Kf6 37. f4 Nc6 38. fxe5+ Nxe5+
39. Ke4 Nc4 40. Rf2+ Ke7 41. Kd4 Nd6 42. Ra2 h5 43. Ra6 Nc4 44. Kc5 Ne3 45. Ra2
Nd5 46. Ra7+ Kf6 47. Kxb5 Ne3 48. Ra2 Ng4 49. h3 Ne3 50. Re2 Nf5 51. Kc5 g5 52.
g4 hxg4 53. hxg4 Nh6 54. Re4 Nf7 55. Kc6 Ne5+ 56. Kd6 Nf7+ 57. Kc5 Nh6 58. Kd4
Nf7 59. Re1 Nh6 60. Rf1+ Ke7 61. Rg1 Kf6 62. Ke4 Nf7 63. Rh1 Kg6 64. Ra1 Nh6
65. Ra6 Kf6 66. Kf3 Nf7 67. Ra4 Ne5+ 68. Ke3 Kg6 69. Re4 Kf6 70. Kd4 Nf7 71.
Kc5 Nh6 72. Kc6 Nf7 73. Kd7 Ne5+ 74. Ke8 Nf7 75. Re1 Nh6 76. Re4 Nf7 77. Kf8
Nh6 78. Ra4 Nf7 79. Kg8 Kg6 80. Kf8 Kf6 81. Ra1 Nh6 82. Rg1 e5 83. Rg2 e4 84.
Re2 Ke5 85. Kg7 Nxg4 86. Kg6 Kf4 1/2-1/2